The Egyptian labor market revisited

Bibliographic Details
Corporate Author: ProQuest (Firm)
Other Authors: Assaad, Ragui.
Format: Electronic eBook
Language:English
Published: Cairo : American University in Cairo Press, 2009.
Subjects:
Online Access:Click to View
LEADER 01316nam a2200361 a 4500
001 EBC3114762
003 MiAaPQ
005 20200520144314.0
006 m o d |
007 cr cn|||||||||
008 101012s2009 ua ad sb 001 0 eng d
020 |z 9789774162480 
020 |z 977416248X 
020 |a 9781936190645 (electronic bk.) 
035 |a (MiAaPQ)EBC3114762 
035 |a (Au-PeEL)EBL3114762 
035 |a (CaPaEBR)ebr10413279 
035 |a (CaONFJC)MIL580553 
035 |a (OCoLC)948378269 
040 |a MiAaPQ  |c MiAaPQ  |d MiAaPQ 
043 |a f-ua--- 
050 4 |a HD5839.A6  |b E39 2009 
245 0 4 |a The Egyptian labor market revisited  |h [electronic resource] /  |c edited by Ragui Assaad. 
260 |a Cairo :  |b American University in Cairo Press,  |c 2009. 
300 |a xviii, 323 p. :  |b ill. 
500 |a "An economic research forum publication." 
504 |a Includes bibliographical references and index. 
533 |a Electronic reproduction. Ann Arbor, MI : ProQuest, 2015. Available via World Wide Web. Access may be limited to ProQuest affiliated libraries. 
650 0 |a Labor market  |z Egypt. 
655 4 |a Electronic books. 
700 1 |a Assaad, Ragui. 
710 2 |a ProQuest (Firm) 
856 4 0 |u https://ebookcentral.proquest.com/lib/matrademy/detail.action?docID=3114762  |z Click to View